| 000 | 00599nam a2200205 u 4500 | ||
|---|---|---|---|
| 005 | 20240522063722.0 | ||
| 008 | 080724s2004 cl r 000 0 spa d | ||
| 020 | _a997289522X | ||
| 035 | _aUPN01000158115 | ||
| 049 | _aI | ||
| 050 | 4 |
_aPZ74.9 _bA9.2 |
|
| 100 | 1 |
_aAyuni, Christian, _d1978- _931934 |
|
| 245 | 1 | 0 |
_aAnita ve dragones / _cChristian Ayuni. |
| 260 |
_aBogotá : _bNorma, _c2004. |
||
| 300 |
_a[30] p. : _bprincipalmente il. col. |
||
| 440 | 0 | _aBuenas noches | |
| 650 | 2 |
_aCuentos infantiles peruanos _915447 |
|
| 650 | 2 |
_aDragones _vLiteratura infantil _911808 |
|
| 905 | _aInfantil | ||
| 999 |
_c130229 _d130229 |
||